Riconosci la Squadra di calcio - Quiz n°1 - Statistics

Statistiche generali
  • Questo quiz è stato fatto 249 volte
  • Il punteggio medio è 8 su 10
Statistiche sulle risposte
Indizio Risposta % Corretto
Colori sociali Bianco, nero
97%
Simboli Orca
94%
Confederazione CONMEBOL
87%
Titoli nazionali 8 (5 Taça Brasil, 1 Tornei Roberto Gomes Pedrosa, 2 Brasileirãos)
83%
Fondazione 1912
80%
Divisione nazionale 2023-2024 Prima
79%
Capienza Stadio 21 256 posti
76%
Trofei nazionali 5 Tornei Rio-San Paolo 1 Taça de Prata 1 Coppa del Brasile
76%
Trofei internazionali 3 Coppe Libertadores 1 Recopa Sudamericana 1 Coppa CONMEBOL 1 Coppa Intercontinentale 1 Supercoppa dei Campioni Intercontinentali
74%
Squadra Santos
69%
Nessun quiz corrispondente trovato
Distribuzione punteggi
Percentuale di utenti per punteggio
Percentile per numero di risposta
I tuoi punteggi nel tempo
Non hai fatto questo quiz